000 00618nam a22002057a 4500
999 _c10328
_d10328
003 AR-CdUCM
008 190329b ||||| |||| 00| 0 spa d
040 _aMUNICIPALIDAD PROVINCIAL DEL CUSCO
_cBIBLIOTECA MUNICIPAL DEL CUSCO
082 _aES / 800 /
_bC18
100 _aCalderón de la Barca, Pedro
_9647
245 _aLa vida es sueño /
260 _aLima :
_bMercurio,
_c1988.
300 _a146 paginas ;
_c17 cm.
440 _aLeo.
_927117
505 _aContenido :La vida es sueño.
650 _aLiteratura peruana
_9169
650 _aLiteratura contemporánea
_9759
942 _2ddc
_cLIBROS
945 _arum